书目信息 |
| 题名: |
数据可视化
|
|
| 作者: | 史小英 , 李圣良 , 徐希炜 主编 | |
| 分册: | ||
| 出版信息: | 北京 高等教育出版社 2021 |
|
| 页数: | 155页 | |
| 开本: | 26cm | |
| 丛书名: | ||
| 单 册: | ||
| 中图分类: | TP317.3 | |
| 科图分类: | ||
| 主题词: | 可视化软件--数据处理--高等职业教育--教材 | |
| 电子资源: | ||
| ISBN: | 978-7-04-056105-0 | |
| 000 | 01096nam0 2200265 450 | |
| 001 | 0100081200 | |
| 005 | 20220815104221.0 | |
| 010 | @a978-7-04-056105-0@dCNY33.80 | |
| 100 | @a20220618d2021 em y0chiy0120 ea | |
| 101 | 0 | @achi |
| 102 | @aCN@b110000 | |
| 105 | @aa z 000yy | |
| 106 | @ar | |
| 200 | 1 | @a数据可视化@9Shu;Shuo Ju Ke Shi Hua @f史小英,李圣良,徐希炜主编@b专著 |
| 210 | @a北京@c高等教育出版社@d2021 | |
| 215 | @a155页@c图@d26cm | |
| 300 | @a国家职业教育大数据技术专业教学资源库配套教材 iCVE智慧职教 高等职业教育计算机类课程新形态一体化教材 | |
| 330 | @a本书介绍数据可视化的基础知识、jQuery和Bootstrap前端网页可视化技术、ECharts开源图表框架以及Flask后端网页服务器技术的环境配置与使用,最后通过一个项目“招聘分析监控系统——数据可视化子系统”将以上技术进行综合运用。 | |
| 606 | 0 | @a可视化软件@x数据处理@x高等职业教育@j教材 |
| 690 | @aTP317.3@v5 | |
| 701 | 0 | @a史小英@f(1979~)@4主编@9shi xiao ying |
| 701 | 0 | @a李圣良@f(1966~)@4主编@9li sheng liang |
| 701 | 0 | @a徐希炜@f(1979~)@4主编@9xu xi wei |
| 801 | @aCN@baizhi@c20221011 | |
| 905 | @aBZT@dTP317@e138@f2@sTP317/138 | |
| 数据可视化/史小英,李圣良,徐希炜主编.-北京:高等教育出版社,2021 |
| 155页:图;26cm |
| 国家职业教育大数据技术专业教学资源库配套教材 iCVE智慧职教 高等职业教育计算机类课程新形态一体化教材 |
| ISBN 978-7-04-056105-0:CNY33.80 |
| 本书介绍数据可视化的基础知识、jQuery和Bootstrap前端网页可视化技术、ECharts开源图表框架以及Flask后端网页服务器技术的环境配置与使用,最后通过一个项目“招聘分析监控系统——数据可视化子系统”将以上技术进行综合运用。 |
| ● |
| 相关链接 |
|
|
|
正题名:数据可视化
索取号:TP317/138
 
预约/预借
| 序号 | 登录号 | 条形码 | 馆藏地/架位号 | 状态 | 备注 |
| 1 | 2000024370 | 2000024370 | 旧书回溯/ [索取号:TP317/138] | 在馆 | |
| 2 | 2000024371 | 2000024371 | 旧书回溯/ [索取号:TP317/138] | 在馆 |